000 00572nam a2200181Ia 4500
008 151018s9999 xx 000 0 und d
082 _bRBASDV11017
_a891.463
100 _aप्र द मराठे
245 _aअंधारपुत्र
250 _b1
260 _bनिशांत प्रकाशन कर्नाटक
_c1976
300 _a153
600 _aप्र द मराठे
630 _aअंधारपुत्र
700 _aप्र द मराठे
730 _aअंधारपुत्र
942 _cBOOK
999 _c1013369
_d1013366